[Event "Pardubice op rap 24th"]
[Site "Pardubice"]
[Date "2013.07.18"]
[Round "8"]
[White "Vykydal, Frantisek"]
[Black "Loucek, Vlastimil"]
[Result "0-1"]
[WhiteElo "2160"]
[BlackElo "2232"]
[PlyCount "140"]
[EventDate "2013.07.17"]
[EventType "swiss (rapid)"]
[EventRounds "9"]
[EventCountry "CZE"]
[SourceTitle "CBM 155 Extra"]
[Source "ChessBase"]
[SourceDate "2013.08.26"]
[SourceVersion "1"]
[SourceVersionDate "2013.08.26"]
[SourceQuality "1"]

1. e4 g6 2. Nc3 Bg7 3. g3 e5 4. Bg2 Ne7 5. d3 d6 6. Be3 Nbc6 7. Qd2 Nd4 8. Nd1 0-0 9. c3 Ne6 10. Bh6 d5 11. Bxg7 Kxg7 12. exd5 Nxd5 13. Ne3 Nxe3 14. Qxe3 Qd6 15. Nf3 f6 16. 0-0-0 Qa6 17. Kb1 Qb6 18. Qxb6 axb6 19. d4 exd4 20. Nxd4 Nxd4 21. Rxd4 Bf5+ 22. Be4 c5 23. Bxf5 cxd4 24. Be4 dxc3 25. bxc3 Rac8 26. Kb2 Rfe8 27. Bd3 Red8 28. Kc2 Rd6 29. Re1 Rc7 30. Re3 Kf7 31. Bb5 Re6 32. Rf3 Re5 33. a4 Ke6 34. Rf4 f5 35. Rd4 Rec5 36. c4 Ke5 37. Kc3 Ke6 38. f4 h6 39. Rd8 g5 40. Rh8 gxf4 41. gxf4 Rf7 42. Rxh6+ Rf6 43. Rh8 Rc7 44. h4 Rff7 45. Rh6+ Rf6 46. Rh8 Rff7 47. Re8+ Rce7 48. Rd8 Rh7 49. c5 bxc5 50. Bc4+ Kf6 51. Rf8+ Kg6 52. Rg8+ Reg7 53. Rc8 Rxh4 54. Rxc5 Rxf4 55. Bd3 Rf3 56. Rd5 Re7 57. a5 Ree3 58. Kc4 Rxd3 59. Rxd3 Rxd3 60. Kxd3 Kf6 61. Kc4 Ke5 62. Kc5 f4 63. Kb6 f3 64. Kxb7 f2 65. a6 f1Q 66. a7 Qb5+ 67. Kc7 Qa6 68. Kb8 Qb6+ 69. Ka8 Qc6+ 70. Kb8 Kf6 0-1

[Event "Pardubice op rap 24th"]
[Site "Pardubice"]
[Date "2013.07.17"]
[Round "2"]
[White "Baltabaev, Temirlan"]
[Black "Loucek, Vlastimil"]
[Result "0-1"]
[WhiteElo "2121"]
[BlackElo "2232"]
[PlyCount "92"]
[EventDate "2013.07.17"]
[EventType "swiss (rapid)"]
[EventRounds "9"]
[EventCountry "CZE"]
[SourceTitle "CBM 155 Extra"]
[Source "ChessBase"]
[SourceDate "2013.08.26"]
[SourceVersion "1"]
[SourceVersionDate "2013.08.26"]
[SourceQuality "1"]

1. d4 Nf6 2. g3 c5 3. Bg2 cxd4 4. Qxd4 Nc6 5. Qd1 d5 6. Nf3 e6 7. 0-0 Be7 8. b3 0-0 9. Bb2 Qb6 10. Nbd2 Rd8 11. e3 Bd7 12. c4 Be8 13. Qe2 Qa6 14. Nd4 Rac8 15. Rfd1 Na5 16. Rac1 dxc4 17. bxc4 Nc6 18. a3 Ne5 19. f4 Nc6 20. N2f3 Ne4 21. Nxc6 bxc6 22. Nd4 Nc5 23. Qg4 Bf6 24. Kh1 Rb8 25. Qe2 Qb7 26. Bc3 Na4 27. Ba1 Qc7 28. e4 Be7 29. Qc2 Nc5 30. e5 Rdc8 31. Nf3 Qa5 32. Bd4 Qxa3 33. Ra1 Qb3 34. Qxb3 Nxb3 35. Rxa7 Nxd4 36. Rxe7 Nf5 37. Ra7 Ne3 38. Rc1 Rb2 39. Ne1 Nxg2 40. Nxg2 c5 41. Kg1 Bc6 42. Ne3 Re2 43. Ra3 Rb8 44. Rd1 h5 45. Rad3 Rbb2 46. h4 Rh2 0-1

[Event "Pardubice op-B1"]
[Site "Pardubice"]
[Date "2006.07.27"]
[Round "7"]
[White "Loucek, Vlastimil"]
[Black "Brokken, Dennis"]
[Result "0-1"]
[WhiteElo "2233"]
[BlackElo "2173"]
[PlyCount "60"]
[EventDate "2006.07.21"]
[EventType "swiss"]
[EventRounds "9"]
[EventCountry "CZE"]
[SourceTitle "CBM 113 Extra"]
[Source "ChessBase"]
[SourceDate "2006.09.14"]
[SourceVersion "1"]
[SourceVersionDate "2006.09.14"]
[SourceQuality "1"]

1. e4 c6 2. d4 d5 3. exd5 cxd5 4. c4 Nf6 5. Nc3 Nc6 6. Nf3 Be6 7. c5 g6 8. Bb5 Bg7 9. 0-0 0-0 10. h3 Bf5 11. Bf4 Ne4 12. Re1 a6 13. Ba4 h6 14. g4 Nxc3 15. bxc3 Be4 16. Bxc6 bxc6 17. Ne5 g5 18. Bg3 Bxe5 19. Bxe5 Qa5 20. f3 Bg6 21. Qd2 f6 22. Bg3 e5 23. dxe5 fxe5 24. Qe3 e4 25. fxe4 Bxe4 26. Qd4 Rf3 27. Re3 Raf8 28. Rxf3 Rxf3 29. Be5 Rxh3 30. Bh8 Qc7 0-1

[Event "CZE-chT2b 0506"]
[Site "Czech Republic"]
[Date "2006.02.12"]
[Round "7"]
[White "Vondra, Zbynek"]
[Black "Loucek, Vlastimil"]
[Result "0-1"]
[WhiteElo "2135"]
[BlackElo "2192"]
[PlyCount "120"]
[EventDate "2005.10.16"]
[EventType "team"]
[EventRounds "11"]
[EventCountry "CZE"]
[SourceTitle "EXT 2009"]
[Source "ChessBase"]
[SourceDate "2008.11.26"]
[SourceVersion "1"]
[SourceVersionDate "2008.11.26"]
[SourceQuality "1"]

1. d4 Nf6 2. Bg5 Ne4 3. Bf4 c5 4. f3 Nf6 5. d5 d6 6. c4 b5 7. e4 g6 8. cxb5 Bg7 9. Ne2 Nh5 10. Bc1 0-0 11. Nbc3 a6 12. Nf4 Nxf4 13. Bxf4 f5 14. Qd2 Nd7 15. exf5 Rxf5 16. Bd3 Rf8 17. Bh6 Bxh6 18. Qxh6 Ne5 19. Bc2 axb5 20. 0-0 e6 21. Rfe1 b4 22. Ne4 exd5 23. Ng5 Ra7 24. Rad1 Bf5 25. Rxd5 Bxc2 26. Rexe5 Qf6 27. Ne6 Re8 28. Re2 Bf5 29. Nd4 Rae7 30. Rxe7 Qxe7 31. Qd2 cxd4 32. Rxd4 Qe1+ 33. Qxe1 Rxe1+ 34. Kf2 Ra1 35. Rxb4 Rxa2 36. g4 Be6 37. Rb6 Kf7 38. Rxd6 Rxb2+ 39. Kg3 Rb3 40. h4 Kf6 41. Ra6 Ke5 42. Ra7 h5 43. gxh5 gxh5 44. Ra4 Bd5 45. Rf4 Rb7 46. Rf8 Rg7+ 47. Kf2 Rg8 48. f4+ Ke4 49. Rf6 Rg4 50. f5 Rf4+ 51. Kg3 Rf3+ 52. Kh2 Rxf5 53. Rh6 Kf4 54. Rg6 Re5 55. Rg7 Re2+ 56. Kg1 Bf3 57. Rg8 Bg4 58. Kf1 Ra2 59. Rb8 Kg3 60. Rb1 Kxh4 0-1

[Event "Pardubice op-B"]
[Site "Pardubice"]
[Date "2005.07.??"]
[Round "6"]
[White "Vacek, Martin"]
[Black "Loucek, Vlastimil"]
[Result "1-0"]
[WhiteElo "2324"]
[BlackElo "2192"]
[PlyCount "75"]
[EventDate "2005.07.22"]
[EventType "swiss"]
[EventRounds "9"]
[EventCountry "CZE"]
[SourceTitle "CBM 107 Extra"]
[Source "ChessBase"]
[SourceDate "2005.09.01"]
[SourceVersion "1"]
[SourceVersionDate "2005.09.01"]
[SourceQuality "1"]

1. e4 d6 2. d4 Nf6 3. Nc3 g6 4. g3 Bg7 5. Bg2 0-0 6. Nge2 e5 7. 0-0 exd4 8. Nxd4 Re8 9. Re1 Nbd7 10. h3 Nc5 11. g4 a5 12. Bg5 c6 13. Qd2 a4 14. b4 axb3 15. cxb3 Qb6 16. Rad1 Nfd7 17. Be3 Ne5 18. Qc2 f6 19. Nde2 Nf7 20. Rd2 Re7 21. Na4 Rxa4 22. bxa4 Qb4 23. Rb1 Qxa4 24. Bxc5 Qxc2 25. Rxc2 dxc5 26. Rxc5 f5 27. gxf5 gxf5 28. Ra5 fxe4 29. Ra8 Rc7 30. Bxe4 Nd6 31. Ng3 Be5 32. Bc2 Kg7 33. f4 Bd4+ 34. Kg2 Be6 35. Bb3 Bd7 36. Rg8+ Kf6 37. Re1 Be8 38. Re6+ 1-0

[Event "Pardubice opB"]
[Site "Pardubice"]
[Date "2004.??.??"]
[Round "4"]
[White "Jasik, Krzysztof"]
[Black "Loucek, Vlastimil"]
[Result "1-0"]
[WhiteElo "2368"]
[BlackElo "2168"]
[PlyCount "55"]
[EventDate "2004.07.??"]
[EventType "swiss"]
[EventRounds "7"]
[EventCountry "CZE"]
[SourceTitle "EXT 2005"]
[Source "ChessBase"]
[SourceDate "2004.11.15"]
[SourceVersion "1"]
[SourceVersionDate "2004.11.15"]
[SourceQuality "1"]

1. e4 e6 2. d4 d5 3. Nd2 c5 4. exd5 Qxd5 5. dxc5 Bxc5 6. Ngf3 Nf6 7. Bc4 Qd8 8. 0-0 0-0 9. Qe2 Nc6 10. Nb3 Be7 11. Bf4 Nd5 12. Bg3 Bf6 13. c3 Na5 14. Bd3 Nxb3 15. axb3 Bd7 16. Rfd1 Qb6 17. b4 a5 18. b5 Rfd8 19. Ne5 g6 20. c4 Ne7 21. Qf3 Kg7 22. Bxg6 Bxb5 23. Bxf7 Nf5 24. cxb5 Qxb5 25. Bxe6 Bxe5 26. Qxf5 Bxg3 27. Qxb5 Rxd1+ 28. Rxd1 1-0

[Event "Louny op"]
[Site "Louny"]
[Date "2004.??.??"]
[Round "?"]
[White "Loucek, Vlastimil"]
[Black "Dusbaba, Karel"]
[Result "1-0"]
[WhiteElo "2154"]
[BlackElo "2127"]
[PlyCount "57"]
[EventDate "2004.??.??"]
[EventType "swiss"]
[EventRounds "7"]
[EventCountry "CZE"]
[SourceTitle "EXT 2007"]
[Source "ChessBase"]
[SourceDate "2006.11.23"]
[SourceVersion "1"]
[SourceVersionDate "2006.11.23"]
[SourceQuality "1"]

1. e4 d6 2. d4 Nf6 3. Nc3 g6 4. Be3 Bg7 5. Qd2 0-0 6. 0-0-0 c6 7. Bh6 Qa5 8. Kb1 b5 9. f3 b4 10. Nce2 Be6 11. b3 Qb6 12. Bxg7 Kxg7 13. h4 h5 14. Nf4 Bd7 15. e5 Nd5 16. Nge2 Nxf4 17. Nxf4 Rh8 18. Be2 a5 19. g4 hxg4 20. fxg4 a4 21. exd6 exd6 22. h5 axb3 23. cxb3 Qa5 24. hxg6 Rxh1 25. Rxh1 fxg6 26. Nxg6 Qxa2+ 27. Qxa2 Rxa2 28. Kxa2 Kxg6 29. Rh8 1-0

[Event "Louny op"]
[Site "Louny"]
[Date "2004.??.??"]
[Round "?"]
[White "Loucek, Vlastimil"]
[Black "Friml, Antonin"]
[Result "1-0"]
[WhiteElo "2154"]
[BlackElo "2174"]
[PlyCount "75"]
[EventDate "2004.??.??"]
[EventType "swiss"]
[EventRounds "7"]
[EventCountry "CZE"]
[SourceTitle "EXT 2007"]
[Source "ChessBase"]
[SourceDate "2006.11.23"]
[SourceVersion "1"]
[SourceVersionDate "2006.11.23"]
[SourceQuality "1"]

1. d4 Nf6 2. c4 e6 3. Nc3 d5 4. Bg5 Be7 5. e3 0-0 6. Nf3 b6 7. cxd5 exd5 8. Ne5 Bb7 9. Qa4 a6 10. Be2 b5 11. Qc2 Nbd7 12. Nxd7 Qxd7 13. 0-0 Rac8 14. h3 Ne4 15. Nxe4 dxe4 16. Bxe7 Qxe7 17. Rfc1 Bd5 18. a4 Qd7 19. axb5 axb5 20. Ra7 Qd6 21. Rxc7 Rfd8 22. Bxb5 g5 23. Qc5 Qg6 24. Rd7 Be6 25. Rxd8+ Rxd8 26. Qe7 Rf8 27. Rc5 h6 28. Bd7 g4 29. Bxe6 fxe6 30. Qh4 gxh3 31. Qxh3 Rf7 32. Re5 Qf6 33. Qg3+ Kh7 34. Rxe4 Qf5 35. Rf4 Qb1+ 36. Kh2 Rg7 37. Qf3 Qg6 38. Qe4 1-0

[Event "Nachod op 9th"]
[Site "Nachod"]
[Date "2003.??.??"]
[Round "4"]
[White "Tichy, Miroslav2222"]
[Black "Loucek, Vlastimil"]
[Result "1/2-1/2"]
[WhiteElo "2035"]
[BlackElo "2190"]
[PlyCount "43"]
[EventDate "2003.??.??"]
[EventType "swiss"]
[EventRounds "9"]
[EventCountry "CZE"]
[SourceTitle "EXT 2007"]
[Source "ChessBase"]
[SourceDate "2006.11.23"]
[SourceVersion "1"]
[SourceVersionDate "2006.11.23"]
[SourceQuality "1"]

1. e4 c5 2. Nc3 Nc6 3. g3 g6 4. Bg2 Bg7 5. d3 d6 6. f4 e5 7. Nh3 Nge7 8. 0-0 0-0 9. f5 gxf5 10. Qh5 f4 11. gxf4 f5 12. Be3 Nd4 13. Rf2 Bd7 14. Raf1 Qe8 15. Qxe8 Raxe8 16. fxe5 Bxe5 17. Bf4 Ng6 18. Bxe5 Nxe5 19. exf5 Bxf5 20. Nd5 Ng4 21. Rd2 Bd7 22. Nhf4 1/2-1/2

[Event "Nachod op 8th"]
[Site "Nachod"]
[Date "2002.??.??"]
[Round "7"]
[White "Borkovec, Milan"]
[Black "Loucek, Vlastimil"]
[Result "1-0"]
[WhiteElo "2195"]
[BlackElo "2180"]
[PlyCount "121"]
[EventDate "2002.??.??"]
[EventType "swiss"]
[EventRounds "9"]
[EventCountry "CZE"]
[SourceTitle "EXT 2007"]
[Source "ChessBase"]
[SourceDate "2006.11.23"]
[SourceVersion "1"]
[SourceVersionDate "2006.11.23"]
[SourceQuality "1"]

1. e4 e6 2. d4 d5 3. e5 c5 4. c3 Nc6 5. Nf3 Bd7 6. Be2 Qb6 7. a3 c4 8. Nbd2 Na5 9. 0-0 Ne7 10. Rb1 f6 11. Re1 Nf5 12. Bf1 0-0-0 13. Qc2 h5 14. b3 cxb3 15. Nxb3 Nxb3 16. Rxb3 Qc7 17. Bb5 Kb8 18. Bxd7 Qxd7 19. Bd2 Qc6 20. Reb1 Rd7 21. a4 Ka8 22. a5 Be7 23. Qb2 Rc8 24. Rb5 Qa6 25. Qb3 Bd8 26. g3 Ne7 27. Qa2 Nc6 28. exf6 gxf6 29. c4 dxc4 30. Qxc4 Rd5 31. Qb3 Rxb5 32. Qxb5 Bxa5 33. Bxa5 Nxa5 34. Qxh5 Qd3 35. Qb5 Qxf3 36. Qxa5 Qe4 37. Qb4 Qd5 38. Re1 e5 39. dxe5 fxe5 40. h4 a6 41. Qe7 b5 42. h5 Rh8 43. Rxe5 Qf3 44. Qd6 Qb7 45. Re7 Rh6 46. Re8+ Ka7 47. Qxh6 Qd7 48. Qe3+ Kb7 49. Re7 Kc6 50. Rxd7 Kxd7 51. Qa7+ Ke6 52. Qxa6+ Kf7 53. Qxb5 Kf6 54. g4 Kf7 55. Qe5 Kf8 56. Qe6 Kg7 57. g5 Kf8 58. f4 Kg7 59. Qe7+ Kg8 60. h6 Kh8 61. Qg7# 1-0

[Event "Nachod op 8th"]
[Site "Nachod"]
[Date "2002.??.??"]
[Round "9"]
[White "Jirkovsky, Tomas"]
[Black "Loucek, Vlastimil"]
[Result "1/2-1/2"]
[WhiteElo "2045"]
[BlackElo "2180"]
[PlyCount "120"]
[EventDate "2002.??.??"]
[EventType "swiss"]
[EventRounds "9"]
[EventCountry "CZE"]
[SourceTitle "EXT 2007"]
[Source "ChessBase"]
[SourceDate "2006.11.23"]
[SourceVersion "1"]
[SourceVersionDate "2006.11.23"]
[SourceQuality "1"]

1. e4 Nf6 2. Nc3 d6 3. d4 g6 4. f4 Bg7 5. Nf3 0-0 6. Be2 c5 7. e5 Nfd7 8. Ne4 cxd4 9. exd6 Nc6 10. dxe7 Qxe7 11. Ng3 Qb4+ 12. Qd2 Qb6 13. Bd3 Nb4 14. Ne4 Nc5 15. 0-0 Nxe4 16. Bxe4 d3+ 17. Kh1 Nxc2 18. Rb1 Na3 19. Ra1 Nc4 20. Qxd3 Nxb2 21. Bxb2 Qxb2 22. Rab1 Qxa2 23. Bd5 Qa4 24. Ng5 Bf5 25. Qb3 Qxb3 26. Rxb3 Rab8 27. Rc1 Rbd8 28. Bxf7+ Rxf7 29. Nxf7 Kxf7 30. Rxb7+ Rd7 31. Rcc7 Ke8 32. Rxd7 Bxd7 33. Rxa7 Bd4 34. Rc7 Ke7 35. Rc4 Bb6 36. h3 Kd6 37. Kh2 Kd5 38. Rb4 Be3 39. g3 Bc6 40. Rb3 Ke4 41. Kg2 h5 42. h4 Bd4 43. Ra3 Bd5 44. Ra5 Bb6 45. Ra3 Bc5 46. Ra5 Ke3+ 47. Kh2 Kd4 48. Ra6 Be4 49. Ra4+ Ke3 50. Ra5 Bb4 51. Ra4 Bd2 52. Ra3+ Bd3 53. Kg2 Bc1 54. Rb3 Ke2 55. Rxd3 Kxd3 56. Kf3 Kd4 57. g4 hxg4+ 58. Kxg4 Ke4 59. h5 gxh5+ 60. Kxh5 Kxf4 1/2-1/2

[Event "CZE-chT2b 0001"]
[Site "Czech Republic"]
[Date "2001.??.??"]
[Round "?"]
[White "Hosticka, Frantisek"]
[Black "Loucek, Vlastimil"]
[Result "1/2-1/2"]
[WhiteElo "2205"]
[BlackElo "2140"]
[PlyCount "86"]
[EventDate "2000.??.??"]
[EventType "team"]
[EventRounds "11"]
[EventCountry "CZE"]
[SourceTitle "EXT 2003"]
[Source "ChessBase"]
[SourceDate "2002.11.25"]
[SourceVersion "1"]
[SourceVersionDate "2002.11.25"]
[SourceQuality "1"]

1. e4 c6 2. d4 d5 3. Nc3 dxe4 4. Nxe4 Nf6 5. Nxf6+ exf6 6. Bf4 Qb6 7. Qe2+ Be6 8. 0-0-0 Na6 9. a3 Be7 10. Qe3 0-0 11. Bd3 Rfd8 12. Ne2 Bf8 13. Ng3 c5 14. Qe4 g6 15. Bxa6 Bd5 16. dxc5 Qc6 17. Rxd5 Rxd5 18. Bc4 Rd7 19. Qxc6 bxc6 20. Be3 f5 21. c3 Rb8 22. Ne2 a5 23. Kc2 a4 24. Nc1 Re8 25. Nd3 h6 26. Bd4 Re2+ 27. Kd1 Re4 28. Re1 Bg7 29. Rxe4 fxe4 30. Nb4 Bxd4 31. Ke2 Bxc5 32. Nxc6 Kg7 33. Nb4 Bxb4 34. axb4 f5 35. Bb5 Ra7 36. c4 a3 37. bxa3 Rxa3 38. Bc6 Kf6 39. b5 Rb3 40. Kd2 Ke7 41. Kc2 Ra3 42. c5 Kd8 43. Kb2 Rd3 1/2-1/2

[Event "Lilie op"]
[Site "Litomysl"]
[Date "1997.??.??"]
[Round "7"]
[White "Loucek, Vlastimil"]
[Black "Beil, Zdenek"]
[Result "1/2-1/2"]
[WhiteElo "2030"]
[BlackElo "2315"]
[PlyCount "51"]
[EventDate "1997.??.??"]
[EventType "swiss"]
[EventRounds "7"]
[EventCountry "CZE"]
[SourceTitle "EXT 1999"]
[Source "ChessBase"]
[SourceDate "1998.11.16"]
[SourceVersion "1"]
[SourceVersionDate "1998.11.16"]
[SourceQuality "1"]

1. e4 c5 2. Nf3 e6 3. d4 cxd4 4. Nxd4 Nc6 5. Nc3 a6 6. Bc4 Qc7 7. Be3 Nf6 8. Bb3 Bb4 9. 0-0 0-0 10. Qf3 d6 11. Nde2 Bc5 12. Bg5 Nd7 13. Kh1 b5 14. a3 Nd4 15. Nxd4 Bxd4 16. Rad1 Be5 17. Be7 Re8 18. Bxd6 Bxd6 19. e5 Nxe5 20. Qxa8 Nc6 21. Rxd6 Qxd6 22. Rd1 Qc7 23. Ne4 Rf8 24. Nc5 Qb6 25. Qxc8 Qxc5 26. Qxa6 1/2-1/2

[Event "CZE-ch op"]
[Site "Nymburk"]
[Date "1997.??.??"]
[Round "?"]
[White "Loucek, Vlastimil"]
[Black "Folkova, Martina"]
[Result "1-0"]
[WhiteElo "2030"]
[BlackElo "2095"]
[PlyCount "81"]
[EventDate "1997.??.??"]
[EventType "swiss"]
[EventRounds "9"]
[EventCountry "CZE"]
[SourceTitle "EXT 1999"]
[Source "ChessBase"]
[SourceDate "1998.11.16"]
[SourceVersion "1"]
[SourceVersionDate "1998.11.16"]
[SourceQuality "1"]

1. e4 c6 2. d4 g6 3. Nf3 d5 4. exd5 cxd5 5. Bd3 Bg7 6. 0-0 Nh6 7. c3 0-0 8. h3 Nc6 9. Re1 Re8 10. Nbd2 Bf5 11. Nb3 Bxd3 12. Bxh6 Bxh6 13. Qxd3 Qd6 14. Qb5 b6 15. Ne5 Rac8 16. Nxc6 Rxc6 17. Re5 e6 18. Rae1 Rec8 19. Qd3 a5 20. Nc1 Rc4 21. a3 Bg7 22. f4 b5 23. Nb3 Qb6 24. R5e2 b4 25. axb4 axb4 26. Nc5 bxc3 27. bxc3 Qa5 28. Re3 Bf8 29. f5 R4xc5 30. dxc5 Bxc5 31. fxe6 fxe6 32. Kh2 Bxe3 33. Qxe3 Rc6 34. Rf1 Qc7+ 35. Kh1 Qc8 36. Qf4 Qe8 37. Qe5 Rc4 38. Rb1 Rc8 39. Rb7 Qf8 40. Qxe6+ Kh8 41. Rf7 1-0

[Event "Lilie op"]
[Site "Litomysl"]
[Date "1997.??.??"]
[Round "1"]
[White "Loucek, Vlastimil"]
[Black "Lechtynsky, Jiri"]
[Result "1-0"]
[WhiteElo "2030"]
[BlackElo "2425"]
[PlyCount "85"]
[EventDate "1997.??.??"]
[EventType "swiss"]
[EventRounds "7"]
[EventCountry "CZE"]
[SourceTitle "EXT 1999"]
[Source "ChessBase"]
[SourceDate "1998.11.16"]
[SourceVersion "1"]
[SourceVersionDate "1998.11.16"]
[SourceQuality "1"]

1. e4 c5 2. Nf3 e6 3. d4 cxd4 4. Nxd4 Nf6 5. Nc3 d6 6. Bc4 Nc6 7. Be3 Be7 8. Qe2 a6 9. 0-0-0 Qc7 10. Bb3 b5 11. Nxc6 Qxc6 12. Bd4 Bd7 13. Bxf6 gxf6 14. Rhe1 Qc7 15. a3 h5 16. f4 0-0-0 17. f5 Kb8 18. Qf3 Rdg8 19. Ne2 Bf8 20. fxe6 fxe6 21. Nd4 Qc8 22. Qxf6 Rh6 23. Qf2 Rhg6 24. g3 Qc5 25. Qf7 Bh6+ 26. Kb1 R8g7 27. Qf8+ Kc7 28. e5 Rg8 29. Qxd6+ Qxd6 30. exd6+ Kb6 31. Bxe6 Rd8 32. Bxd7 Rxd7 33. Nf3 Rgxd6 34. Rxd6+ Rxd6 35. Re5 Rf6 36. Rxh5 Be3 37. Ne5 Rf1+ 38. Ka2 a5 39. a4 Bd4 40. axb5 Rf2 41. Nc4+ Kc7 42. Rh7+ Kc8 43. Na3 1-0